000
00257nam a22001097a 4500
999
_c
164923
_d
164923
082
_a
_b
100
_a
Nirmala Jain
245
_a
Raja siddharth aur saundarya shastra/
_c
by Nirmala Jain.
260
_a
New Delhi:
_b
Vani,
_c
1999.
650
_a
942
_c
BK